Transport: The environment and sustainable development. (Record no. 109723)

MARC details
000 -LEADER
fixed length control field 00384nam a2200145Ia 4500
008 - FIXED-LENGTH DATA ELEMENTS--GENERAL INFORMATION
fixed length control field 230917s9999||||xx |||||||||||||| ||und||
040 ## - CATALOGING SOURCE
-- 106497
Original cataloging agency VIVEKANANDA LIBRARY
041 ## - Language
-- English
082 ## - DDC NUMBER
Classification number 380.5 T687T
100 ## - MAIN ENTRY--PERSONAL NAME
Personal name Banister, David, ed.
245 #0 - TITLE STATEMENT
Title Transport: The environment and sustainable development.
260 ## - PUBLICATION, DISTRIBUTION, ETC. (IMPRINT)
Place of publication, distribution, etc London
Name of publisher, distributor, etc E & FN Spon
Date of publication, distribution, etc 1993
300 ## - PHYSICAL DESCRIPTION
Pages 275 p.
942 ## - ADDED ENTRY ELEMENTS (KOHA)
Koha item type Books
Holdings
Withdrawn status Lost status Damaged status Not for loan Location (home branch) Sublocation or collection (holding branch) Date acquired Koha issues (times borrowed) Koha full call number Accession No. Koha date last seen Koha item type
        VIVEKANANDA LIBRARY VIVEKANANDA LIBRARY 23/06/2005   380.5 T687T 196602 17/09/2023 Books
© Designed and Maintained by Vivekananda Library, MDU Rohtak